Ethical decision making for business

Enregistré dans:
Détails bibliographiques
Auteur principal: Fraedrich, John
Autres auteurs: Ferrell, O. C., Ferrell, Linda
Format: Livre
Langue:anglais
Publié: South-Western Cengage Learning 2011
Édition:8th ed.
Sujets:
Tags: Ajouter un tag
Pas de tags, Soyez le premier à ajouter un tag!

MARC

LEADER 00000nam$a2200000$$$4500
001 0117473
005 20221108071223.5
020 |a 978-0-538-45128-4 
020 |a 0-538-45128-9 
041 0 |a eng 
044 |a AU 
245 1 0 |a Ethical decision making for business  |c John Fraedrich, O. C. Ferrell, Linda Ferrell 
250 |a 8th ed. 
264 1 |b South-Western Cengage Learning  |c 2011 
300 |a 521 s. 
610 2 0 |a globalizácia hospodárstva 
610 2 0 |a etika podniková 
610 2 0 |a kríza 
610 2 0 |a rozhodovanie podnikové 
610 2 0 |a zodpovednosť spoločenská 
610 2 0 |a riadenie podnikové 
610 2 0 |a podnikanie medzinárodné 
610 2 0 |a štúdie prípadové 
100 1 |a Fraedrich, John 
700 1 |a Ferrell, O. C. 
700 1 |a Ferrell, Linda